000 00827nam a2200253 i 4500
003 DO-SdBNP
005 20250116073945.0
006 a||||br|||| 00| 0
007 ta
008 230814e1985 dr a|||| |||| 00| 0 spa d
040 _aDO-SdBNP
_bspa
_cBNPHU
_erda
082 4 _222
_bB456s
100 _aBenavente Guzmán, José Ariel
_eautor
_984649
245 1 0 _aSeguridad e higiene industrial /
_cJosé Ariel Benavente Guzmán
264 4 _aSanto Domingo :
_bUCMM,
_c1985
300 _a218 páginas :
_bIlustraciones ;
_c23 cm.
336 _2rdacontent
_atexto
_btxt
337 _2rdamedia
_asin mediación
_bn
338 _2rdacarrier
_avolumen
_bnc
590 _aInventariado 2023 / DG
710 1 _aRepública Dominicana.
_bSecretaría de Estado de Educación, Bellas Artes y Cultos
_923965
910 _aDG
942 _2ddc
_cLBS1
999 _c55526
_d55526